Statistics for They Shoot Pictures, Don't They? - films 721 to 740

Click here to take the quiz!

General Stats

  • This quiz has been taken 17 times
    (16 since last reset)
  • The average score is 3 of 20

Answer Stats

Answer% Correct
Ben-Hur
100%
Dancer in the Dark
31%
My Own Private Idaho
31%
The Trial
23%
Fish Tank
15%
La Belle Noiseuse
15%
Salesman
15%
The Bad and the Beautiful
15%
The Emperor's Naked Army Marches On
15%
Born in Flames
8%
Design for Living
8%
Distant
8%
Hellzapoppin'
8%
Kaagaz Ke Phool
8%
Les Dames du bois de Boulogne
8%
Ossessione
8%
Subarnarekha
8%
The Age of Earth
8%
Vive l'amour
8%
Wings
8%

Score Distribution

Percentile by Number Answered

Percent of People with Each Score

Your Score History

You have not taken this quiz since the last reset